Statistiques concernant Les 30 joueurs avec le plus de point en NBA

Cliquez ici pour prendre le quiz!

Statistiques générales

  • Ce quiz a été pris 309 fois
  • Le résultat moyen est 16 sur 30

Statistiques - réponses

HintRéponse% Correct
40'474*Lebron James
99%
32'292Michael Jordan
90%
33'643Kobe Bryant
89%
38'387Kareem Abdul-Jabbar
87%
28'924*Kevin Durant
79%
28'596Shaquille O'Neal
74%
25'885*James Harden
71%
31'419Wilt Chamberlain
71%
25'192Jerry West
69%
36'928Karl Malone
66%
25'211*Russell Westbrook
64%
26'496Tim Duncan
62%
27'409Moses Malone
61%
31'560Dirk Nowitzki
59%
24'398Allen Iverson
52%
28'289Carmelo Anthony
49%
26'946Hakeem Olajuwon
46%
26'971Kevin Garnett
46%
24'505Ray Allen
40%
26'397Paul Pierce
38%
23'757Charles Barkley
37%
24'815Patrick Ewing
35%
25'728Vince Carter
35%
26'710Oscar Robertson
33%
25'579Reggie Miller
31%
26'395John Havlicek
22%
26'668Dominique Wilkins
21%
27'313Elvin Hayes
19%
25'613Alex English
16%
23'334Robert Parish
15%

Distribution des résultats

Percentile par nombre de réponses

% des personnes avec chaque résultat

Votre développement - résultats

Vous n’avez pas pris ce quiz